| 000 | 00890nam a2200265 i 4500 | ||
|---|---|---|---|
| 001 | 66739 | ||
| 003 | ES-MaACL | ||
| 005 | 20240227154821.0 | ||
| 007 | t| | ||
| 008 | 040325s2002 sp ||||1| spa d | ||
| 020 | _a84-9742-041-1 | ||
| 080 | _a316.73 | ||
| 245 | 0 | 3 |
_aEl discurso intercultural _b: prolegómenos a una filosofía intercultural / _cGraciano González R. Arnaiz (coord.) ; Mauricio Beuchot... [et al.]. |
| 260 |
_aMadrid : _bBiblioteca nueva, _c[2002] |
||
| 300 |
_a236 p. ; _c21 cm. |
||
| 490 | 1 |
_aRazón y sociedad ; _v21 |
|
| 504 | _aBibliografía p. 225-236. | ||
| 650 | 1 | 4 |
_aPluralismo cultural. _916137 |
| 650 |
_aCultura- _xFilosofía. _911518 |
||
| 700 | 1 |
_aGonzález R. Arnáiz, Graciano _958895 |
|
| 700 | 1 |
_aBeuchot, Mauricio. _928700 |
|
| 830 | 0 |
_aRazón y sociedad ; _v21 _9180621 |
|
| 852 |
_aES-MaACL _jL-27193 _bR.132795 |
||
| 999 |
_c66739 _d66739 |
||